000 00977nas a2200289 4500
001 BR8000807
003 BR-BrBNA
005 20231205084132.0
007 ta
008 230509b bl.|||p| |||| 00| 00por d
040 _aBR-BrBNA
_bpor
_cBiblioteca Nacional de Agricultura
041 _a(Pt)
072 _aF10; F22
100 1 _aAntunes, F.Z.
100 1 _aFortes, M.
245 1 _aZoneamento macroclimatico para cultura da bananeira [Musa acuminata; Minas Gerais; Brasil]
246 1 _a[Macro-climate zoning for banana plant [Musa acuminata; Minas Gerais; Brazil]]
650 _aClimatologia
650 _aFisica do solo
650 _aBanana
650 _aBalanco hidrico
650 _aZoneamento climatico
650 _aMinas Gerais
773 0 _tInforme Agropecuario - Empresa de Pesquisa Agropecuaria de Minas Gerais (Brazil)
_xISSN 0100-3364
_g(Mar 1980), v. 6(63) p. 10-14
_wBR8000807
909 _a202311
_bLúcia
_c55
_dLúcia Elande
942 _2AGRIS
_n0
_cANA
999 _c103347
_d103347